=LDR 00000nam 2200000 4500 =001 INLIS000000000008212 =005 20130612100119 =008 ***********************************Ind** =035 ##$$0010-061300000008212 =041 ##$$a Ind =082 ##$$a 613.04 =090 ##$$a 613.04, Wij a =100 ##$$a Wijayakusuma, Hembing =245 ##$$a Atasi 142 penyakit dengan terapi jarum mutakhir, Prof. H.M. Hembing Wijayakusuma =260 ##$$a 2001 $b Jakarta =300 ##$$a 104 hlm, ilus, 18 cm =650 ##$$a Kesehatan populer